Islamic science and technology /

Describes how Islamic knowledge made significant contributions in the fields of astronomy, physics, medicine, and engineering.

Bibliographic Details
Corporate Authors: R.M. Productions (Lafayette, Ind.), Films for the Humanities (Firm)
Other Authors: Arnaud, Michèle, Holm, Ian, 1931-2020
Format: Video VHS
Language:English
Published: Princeton, N.J. : Films for the Humanities, 1983.
Series:World of Islam.
Subjects:

MARC

Tag First Indicator Second Indicator Subfields
LEADER 00000cgm a2200000 a 4500
001 in00000024748
005 20201128064621.0
007 vf cbahou
008 860924s1983 xxu030 e vneng d
035 |a (OCoLC)14260125 
035 |9 AAB4891AM 
040 |a PZI  |c PZI  |d TXA  |d UtOrBLW 
049 |a TXAV  |c [A10150618] 
050 4 |a BP190.5.S5  |b I84 1983 
245 0 0 |a Islamic science and technology /  |c presented by RM Productions ; directed by Michèle Arnaud ; English version written by Michael Bakewell. 
264 1 |a Princeton, N.J. :  |b Films for the Humanities,  |c 1983. 
300 |a 1 videocassette (30 min.) :  |b sound, color ;  |c 1/2 in. 
336 |a two-dimensional moving image  |b tdi  |2 rdacontent 
337 |a video  |b v  |2 rdamedia 
338 |a videocassette  |b vf  |2 rdacarrier 
490 1 |a The world of Islam 
538 |a VHS format. 
511 0 |a Narrator, Ian Holm. 
520 |a Describes how Islamic knowledge made significant contributions in the fields of astronomy, physics, medicine, and engineering. 
500 |a Videorecording. 
650 0 |a Islam and science. 
655 7 |a Documentary films.  |2 lcgft 
700 1 |a Arnaud, Michèle. 
700 1 |a Holm, Ian,  |d 1931-2020. 
710 2 |a R.M. Productions (Lafayette, Ind.) 
710 2 |a Films for the Humanities (Firm) 
830 0 |a World of Islam. 
999 |a MARS 
999 f f |s 94c29aaa-9794-3f43-ba96-9ec496e081bf  |i 6b64c686-28b3-32c1-b3a9-b1e8645fa96c  |t 0 
952 f f |p ric  |a Texas A&M University  |b Rellis Campus  |c Joint Library Facility  |d Remote Storage  |t 0  |e BP190.5.S5 I84 1983  |h Library of Congress classification  |i video -- videocassette  |m A14826514846 
998 f f |a BP190.5.S5 I84 1983  |t 0  |l Remote Storage